000 01290cam a2200337 i 4500
003 EG-ScBUE
005 20260419110201.0
008 950515s1995 nyuab f b 001 0 eng d
020 _a0486685888
020 _a9780486685885
040 _aDLC
_beng
_erda
_cDLC
_dDLC
_dEG-ScBUE
082 0 4 _a551.4
_bLEO
_222
100 1 _aLeopold, Luna B.,
_q(Luna Bergere),
_d1915-2006,
_eauthor.
245 1 0 _aFluvial processes in geomorphology /
_cLuna B. Leopold, M. Gordon Wolman, John P. Miller.
250 _aDover edition.
264 1 _aNew York :
_bDover Publications,
_c1995.
300 _axiii, 522 pages :
_billustrations, maps ;
_c22 cm
336 _2rdacontent
_atext
_btxt
337 _aunmediated
_2rdamedia
_bn
338 _avolume
_bnc
_2rdacarrier
500 _a"An unabridged and unaltered republication of the work first published by W.H. Freeman and Company, San Francisco, in 1964"--T.p. verso.
504 _aIncludes bibliographical references and index.
650 7 _aPhysical geography.
_2BUEsh
_95166
650 7 _aRivers.
_2BUEsh
_95645
651 _2BUEsh
653 _bENGGEN
_cMay2019
655 _vReading book
700 1 _aWolman, M. Gordon,
_q(Markley Gordon),
_d1924-
_eauthor.
700 1 _aMiller, John P.,
_q(John Preston),
_d1923-1961,
_eauthor.
942 _2ddc
_cBB
999 _c27460
_d27431